000 01227nam a22003617a 4500
003 CHAP
005 20220329133226.0
008 971013s1991 r 00010 d
010 _a3623
011 _a4595
035 _a3799
040 _cCHAP
090 _aTesis
100 0 0 _aCruz Cabrera, José Luis.
_929313
245 _aContaminación por metales pesados en cultivos regados con aguas del río Lerma en la región de Salamanca, Gto.
260 _aChapingo, Méx. :
_bEl autor,
_c1991
300 _a58 h
500 _aD50-196
502 _aTesis (Ing. Agr. Esp. en Suelos) -- UACH. Departamento de Suelos
590 _aALEPH
_b10
_c20130110
_lUCH01
_h1215
590 _aBATCH-UPD
_b10
_c20130110
_lUCH01
_h1847
590 _aBATCH-UPD
_b10
_c20130410
_lUCH01
_h1217
590 _aBATCH-UPD
_b10
_c20130914
_lUCH01
_h0102
590 _aBATCH-UPD
_b10
_c20130914
_lUCH01
_h1814
590 _aCONVERSION
_b10
_c20130109
_lUCH01
_h1303
650 1 4 _aAgua
_xContaminacion
_xEfecto en plantas.
_92354
650 1 4 _aAguas residuales para irrigación.
_92591
650 1 4 _aMetales
_xEfecto en plantas.
_975166
650 1 4 _aRío Lerma.
_999120
901 _aBK
942 _cTESIS
949 _bBC
_cTES
_d-13327
_eTS1
_h24539
_i3799
_si
999 _c3623
_d3623